| 000 | 00559nam a2200181Ia 4500 | ||
|---|---|---|---|
| 008 | 151018s9999 xx 000 0 und d | ||
| 082 |
_bRBASDV27224 _a891.463 |
||
| 100 | _aविनोद गायकवाड | ||
| 245 | _aजगद्गुरू | ||
| 250 | _b1 | ||
| 260 |
_bएस के पब्लिशर्स _c1994 |
||
| 300 | _a84 | ||
| 600 | _aविनोद गायकवाड | ||
| 630 | _aजगद्गुरू | ||
| 700 | _aविनोद गायकवाड | ||
| 730 | _aजगद्गुरू | ||
| 942 | _cBOOK | ||
| 999 |
_c1026818 _d1026815 |
||